000
00324nam a22001457a 4500
008
230508b ||||| |||| 00| 0 eng d
020
_a
9781305631830
041
_a
eng
080
_a
339
082
_a
339LAM
100
_a
24
101
_a
MARKETING
245
_a
MKTG 10 PRINCIPLES OF MARKETING
_c
LAMB
942
_2
udc
_c
BK
999
_c
59673
_d
59673